Featuring du rap français : titre - Statistiques

Statistiques générales
  • Ce quiz a été pris 1 266 fois
  • Le résultat moyen est 7 sur 20
Statistiques - réponses
Artiste 1 Artiste 2 Chanson(s) % Correct
Maes Booba VVV | Platine o Plomo | Blanche | Madrina
85%
Ninho Rim'K Air Max
81%
Freeze Corleone Koba LaD 7 sur 7
61%
Jul Heuss L'enfoiré Gilera | GTA | Moulaga
61%
Ninho Naps 6.3 | C'est carré le S | Tout va bien
60%
Hamza PLK Pilote
55%
Booba Damso Pinocchio | Paris c'est loin | 113
54%
SCH Ninho Prêt à partir | Mayday | Kimono | La vie du binks
52%
Nekfeu MZ Les princes
42%
Dinos Nekfeu Moins un
31%
SCH Lacrim Liquide | On y est | Ça va | Laisse-les | 6.35
23%
Timal PLK Promis | Toute l'année
23%
Niska Kekra Vréalité
22%
Sadek Brulux Benzema | La bise | Tu vas rien faire
16%
DA Uzi Maes Le dire | Nounou
16%
Vald Jul J'suis loin
10%
La Fève Zamdane Voir ailleurs
9%
Kaaris Lacrim El Chapo
8%
Naps Mister You On passe le temps | Chiwawa
5%
So La Lune Rouge Carmin Enfants perdus | Goût vanille | Deux vies | Sirène 18
4%
Aucun quiz correspondant
Distribution des résultats
% des personnes avec chaque résultat
Percentile par nombre de réponses
Votre historique - résultats
Vous n’avez pas pris ce quiz